NFL First Round Draft Picks: 2010s - Statistics

General Stats
  • This quiz has been taken 188 times
  • The average score is 148 of 319
Answer Stats
Answer % Correct
Byron Jones
92%
Chandler Jones
92%
Daniel Jones
92%
Datone Jones
92%
Jarvis Jones
92%
Julio Jones
92%
Aldon Smith
89%
Harrison Smith
89%
Jimmy Smith
89%
Marcus Smith
89%
Roquan Smith
89%
Tyron Smith
89%
Trent Williams
88%
Dan Williams
87%
Jonah Williams
87%
Leonard Williams
87%
Mike Williams
87%
Quinnen Williams
87%
Sylvester Williams
87%
Jared Goff
85%
Adoree' Jackson
84%
Joey Bosa
84%
Kareem Jackson
84%
Kolton Miller
84%
Lamar Jackson
84%
Nick Bosa
84%
Sam Bradford
84%
Von Miller
84%
William Jackson III
84%
Baker Mayfield
83%
Myles Garrett
83%
Cam Newton
82%
Jonathan Allen
82%
Josh Allen
82%
Kyler Murray
82%
Malcom Brown
82%
Marquise Brown
82%
Jameis Winston
81%
Saquon Barkley
81%
Carson Wentz
80%
Deshaun Watson
80%
Devin White
80%
Kevin White
80%
Ndamukong Suh
80%
Tre'Davious White
80%
A.J. Green
79%
Ezekiel Elliott
79%
Jalen Ramsey
79%
J.J. Watt
79%
Josh Rosen
79%
Patrick Mahomes
79%
Denzel Ward
78%
Jimmie Ward
78%
T.J. Watt
78%
Sam Darnold
77%
Blake Bortles
76%
Christian McCaffrey
76%
Mitchell Trubisky
76%
Andrew Luck
75%
Bradley Chubb
75%
Demaryius Thomas
75%
Dwayne Haskins
75%
Earl Thomas
75%
Keanu Neal
75%
Kevin Johnson
75%
Lane Johnson
75%
Marcus Mariota
75%
Solomon Thomas
75%
T.J. Hockenson
75%
Mike Evans
74%
Quenton Nelson
74%
Jadeveon Clowney
73%
Leonard Fournette
73%
Rashaan Evans
73%
Jamal Adams
72%
Doug Martin
71%
Zack Martin
71%
Aaron Donald
70%
Anthony Davis
70%
Corey Davis
70%
Jarrad Davis
70%
Marshon Lattimore
70%
Robert Griffin III
70%
Derwin James
69%
John Ross
69%
Ja'Wuan James
68%
Andrus Peat
67%
Khalil Mack
67%
Amari Cooper
66%
Eric Fisher
66%
Jaire Alexander
66%
Johnny Manziel
66%
Jonathan Cooper
66%
Marcus Peters
66%
Todd Gurley
66%
D.J. Moore
65%
Odell Beckham Jr.
65%
Ryan Tannehill
65%
Teddy Bridgewater
65%
Dexter Lawrence
64%
Josh Jacobs
64%
Patrick Peterson
64%
Calvin Ridley
63%
Luke Kuechly
63%
Danny Watkins
62%
Minkah Fitzpatrick
62%
Sammy Watkins
62%
Sony Michel
62%
Artie Burns
60%
Brian Burns
60%
Jake Matthews
60%
Noah Fant
60%
O.J. Howard
60%
Ryan Mathews
60%
Tytus Howard
60%
Vita Vea
60%
Marlon Humphrey
59%
Paxton Lynch
59%
Clelin Ferrell
58%
David Njoku
58%
Leighton VanderEsch
58%
Rashaad Penny
58%
Eric Berry
57%
Sheldon Richardson
57%
Trent Richardson
57%
Ed Oliver
55%
Frank Ragnow
55%
N'Keal Harry
55%
Christian Ponder
54%
Evan Engram
54%
Melvin Gordon
54%
Taven Bryan
54%
DeAndre Hopkins
53%
Jake Locker
53%
Christian Wilkins
52%
Cameron Jordan
51%
Dion Jordan
51%
EJ Manuel
51%
Gerald McCoy
51%
Jeffery Simmons
51%
Kyle Fuller
51%
Ronnie Stanley
51%
Blaine Gabbert
50%
Mark Ingram II
50%
Maurkice Pouncey
50%
Mike Pouncey
50%
Terrell Edmunds
50%
Tremaine Edmunds
50%
Will Fuller
50%
Melvin Ingram
49%
Tim Tebow
49%
C.J. Spiller
48%
Daron Payne
48%
Dez Bryant
48%
Fletcher Cox
48%
Montez Sweat
48%
Tavon Austin
48%
Devin Bush
47%
Justin Blackmon
46%
Mike McGlinchey
46%
Hayden Hurst
45%
Brandon Graham
44%
Chris Lindstrom
44%
Deandre Baker
44%
Greg Robinson
44%
Patrick Robinson
44%
Rashan Gary
44%
Anthony Barr
43%
Brandin Cooks
43%
Brandon Weeden
43%
David Wilson
43%
DeForest Buckner
43%
DeVante Parker
43%
Kyle Wilson
43%
Taylor Lewan
43%
Haason Reddick
42%
Jabrill Peppers
41%
Kelvin Benjamin
41%
Arik Armstead
40%
Cameron Heyward
40%
Eric Ebron
40%
Laremy Tunsil
40%
Marcus Davenport
40%
Charles Harris
39%
Ha-Ha Clinton-Dix
39%
Stephon Gilmore
39%
Corey Coleman
38%
Tyler Eifert
38%
Eli Apple
37%
Garett Bolles
37%
Joe Haden
37%
Leonard Floyd
37%
Michael Floyd
37%
Nelson Agholor
37%
Sharrif Floyd
37%
C.J. Mosley
36%
Ezekiel Ansah
36%
Derek Barnett
34%
Devin McCourty
34%
Kenny Clark
34%
Malik Hooker
34%
Robert Quinn
34%
Ryan Kelly
34%
Travis Frederick
34%
Darnell Savage
33%
Vic Beasley
33%
Luke Joeckel
32%
Ryan Ramczyk
32%
Ryan Shazier
32%
Brandon Scherff
31%
Jason Pierre-Paul
30%
Taco Charlton
30%
Ereck Flowers
29%
Johnathan Abram
29%
Marcell Dareus
29%
Xavier Rhodes
29%
Dante Fowler
28%
Jerry Hughes
28%
Josh Doctson
28%
Mike Hughes
28%
Ryan Kerrigan
28%
Garrett Bradbury
27%
Reuben Foster
27%
Andre Dillard
26%
Taylor Decker
26%
Billy Price
25%
Dont'a Hightower
25%
Isaiah Wynn
25%
Kyle Long
25%
Phil Taylor
25%
Shaq Thompson
24%
Cordarrelle Patterson
23%
Jack Conklin
22%
Morris Claiborne
22%
David DeCastro
21%
Jerry Tillery
21%
Karl Joseph
21%
Matt Kalil
21%
Darron Lee
20%
Dontari Poe
20%
Eric Reid
20%
Jahvid Best
20%
Justin Gilbert
20%
Kendall Wright
20%
Nate Solder
20%
Prince Amukamara
20%
Russell Okung
20%
Muhammed Wilkerson
19%
Bruce Irvin
18%
Dee Ford
18%
Phillip Dorsett
18%
A.J. Jenkins
17%
Breshad Perriman
17%
Bud Dupree
17%
Dee Milliner
17%
Kaleb McGary
17%
Laken Tomlinson
17%
Takkarist McKinley
17%
Bryan Bulaga
16%
Desmond Trufant
16%
Gareon Conley
16%
Mark Barron
16%
Nick Fairley
16%
Rolando McClain
16%
Shane Ray
16%
Shaq Lawson
16%
Vernon Butler
16%
Barkevious Mingo
15%
Jermaine Gresham
15%
L.J. Collier
15%
Matt Elam
15%
Trae Waynes
15%
Vernon Hargreaves
15%
Calvin Pryor
14%
Danny Shelton
14%
D.J. Hayden
14%
Dre Kirkpatrick
14%
Kenny Vaccaro
14%
Mike Iupati
14%
Sheldon Rankins
14%
Bradley Roby
13%
Jason Verrett
13%
D.J. Humphries
12%
Jonathan Baldwin
12%
Robert Nkemdiche
12%
Anthony Castonzo
11%
Björn Werner
11%
Darqueze Dennard
11%
Germain Ifedi
11%
Star Lotulelei
11%
Tyson Alualu
11%
Alec Ogletree
10%
Justin Pugh
10%
Adrian Clayborn
9%
Chance Warmack
9%
Kevin Zeitler
9%
Michael Brockers
9%
Nick Perry
9%
Quinton Coples
9%
Riley Reiff
9%
Stephone Anthony
9%
Derrick Morgan
8%
James Carpenter
8%
Whitney Mercilus
8%
Cedric Ogbuehi
7%
Corey Liuget
7%
Damarious Randall
7%
Deone Bucannon
7%
D.J. Fluker
7%
Dominique Easley
7%
Gabe Carimi
7%
Laquon Treadwill
7%
Derek Sherrod
6%
Shea McClellin
6%
Cameron Erving
5%
Jared Odrick
5%
Joshua Garnett
5%
Sean Weatherspoon
4%
No matching quizzes found
Score Distribution
Percent of People with Each Score
Percentile by Number Answered
Your Score History
You have not taken this quiz